Statistiques concernant Anagrammes aléatoires de Premiers Ministres français

Cliquez ici pour prendre le quiz!

Statistiques générales

  • Ce quiz a été pris 167 fois
    (38 depuis la dernière actualisation)
  • Le résultat moyen est 8 sur 12

Statistiques - réponses

Premier Ministre% Correct
Juppé
94%
Attal
88%
Pompidou
87%
Philippe
85%
Messmer
81%
Valls
75%
Bérégovoy
73%
Borne
72%
Chirac
71%
Debré
71%
Jospin
70%
Cazeneuve
69%
Balladur
64%
Rocard
59%
Fillon
58%
Barre
57%
Raffarin
56%
Fabius
55%
Castex
54%
Cresson
53%
Ayrault
47%
Mauroy
47%

Distribution des résultats

Percentile par nombre de réponses

% des personnes avec chaque résultat

Votre développement - résultats

Vous n’avez pas pris ce quiz depuis la dernière actualisation